Mach a Šebestová na cestách /
Díky kouzelnému sluchátku prožijí oba kamarádi další dobrodružství, tentokrát v cizích zemích.
Uloženo v:
| Hlavní autor: | |
|---|---|
| Další autoři: | |
| Médium: | Kniha |
| Jazyk: | Czech |
| Vydáno: |
V Praze :
Albatros,
2020
|
| Vydání: | 4. vydání |
| Témata: | |
| Celkem bylo vypůjčeno: | 0x |
| Tagy: |
Žádné tagy |
| LEADER | 01968nam a2200421 i 4500 | ||
|---|---|---|---|
| 001 | 106339 | ||
| 003 | CZ PrNK | ||
| 005 | 20260514074643.0 | ||
| 007 | ta | ||
| 008 | 201104s2020 xr a b 000 j cze | ||
| 015 | |a cnb003262938 | ||
| 020 | |a 9788000060330 |q (vázáno) |z 978-80-00-04030-1 : |c Kč 299,00 | ||
| 040 | |a ABG001 |b cze |e rda | ||
| 072 | 7 | |a 821.162.3-3 |x Česká próza |2 Konspekt |9 25 | |
| 072 | 7 | |a 821-93 |x Literatura pro děti a mládež (beletrie) |2 Konspekt |9 26 | |
| 080 | |a 821.162.3-32 |2 MRF | ||
| 080 | |a 821-93 |2 MRF | ||
| 080 | |a (0:82-32) |2 MRF | ||
| 100 | 1 | |a Macourek, Miloš, |d 1926-2002 |7 jk01072813 |4 aut |9 22918 | |
| 245 | 1 | 0 | |a Mach a Šebestová na cestách / |c Miloš Macourek, Adolf Born |
| 250 | |a 4. vydání | ||
| 264 | 1 | |a V Praze : |b Albatros, |c 2020 | |
| 300 | |a 108 stran : |b barevné ilustrace ; |c 25 cm | ||
| 336 | |a text |b txt |2 rdacontent | ||
| 337 | |a bez média |b n |2 rdamedia | ||
| 338 | |a svazek |b nc |2 rdacarrier | ||
| 500 | |a Text Miloš Macourek, ilustrace Adolf Born | ||
| 520 | 2 | |a Díky kouzelnému sluchátku prožijí oba kamarádi další dobrodružství, tentokrát v cizích zemích. |b Opět se setkáme s Machem a Šebestovou a psem Jonatánem. Horáček a Pažout se s nekalými úmysly a tajně zúčastní záchranné výpravy na severní pól. Seznámíme se s tetou Šebestové - Vilmou, s níž se na chvíli ocitneme v Paříži. S oběma nerozlučnými kamarády se dále vypravíme do Afriky, Austrálie i Ameriky. | |
| 521 | 8 | |a Pro čtenáře od 6 let | |
| 655 | 7 | |a české příběhy |7 fd133973 |2 czenas |9 54030 | |
| 655 | 7 | |a publikace pro děti |7 fd133156 |2 czenas |9 23 | |
| 655 | 9 | |a Czech stories |2 eczenas | |
| 655 | 9 | |a children's literature |2 eczenas | |
| 700 | 1 | |a Born, Adolf, |d 1930-2016 |7 jk01012660 |4 ill |9 29941 | |
| 910 | |a UOG502 | ||
| 942 | |2 ddc |c KN | ||
| 999 | |d 106339 | ||
| 993 | |0 0 |1 421180107060 |2 ddc |4 0 |6 M |7 0 |9 99721 |b 0 |c 107060 |d 2026-05-14 |e 0 |f M |g M |h 299.00 |i Koupě |l M |r 2026-05-14 |t 8 |w 2026-05-14 |y KN |z BELET |n | ||